[Event "Lienz op-B 18th"]
[Site "Lienz"]
[Date "2015.02.09"]
[Round "4"]
[White "Ploessnig, Michael"]
[Black "Kuenzl, Martin"]
[Result "1-0"]
[WhiteElo "1945"]
[BlackElo "1800"]
[PlyCount "141"]
[EventDate "2015.02.07"]
[EventType "swiss"]
[EventRounds "9"]
[EventCountry "AUT"]
[SourceTitle "CBM 165 Extra"]
[Source "ChessBase"]
[SourceDate "2015.04.21"]
[SourceVersion "1"]
[SourceVersionDate "2015.04.21"]
[SourceQuality "1"]

1. c4 c6 2. Nf3 d5 3. cxd5 cxd5 4. d4 Nf6 5. Nc3 e6 6. Bg5 Nc6 7. e3 Be7 8. Bd3 Ne4 9. Bxe7 Nxc3 10. Bxd8 Nxd1 11. Rxd1 Kxd8 12. Bb5 f6 13. Bxc6 bxc6 14. Nd2 Rb8 15. Nb3 Ba6 16. Nc5 Bc8 17. b3 Ke7 18. Kd2 Kd6 19. Kc3 e5 20. Rhe1 Re8 21. Nd3 Bf5 22. Nc5 Re7 23. f3 Rbe8 24. Kd2 Bg6 25. Na4 a5 26. Rc1 exd4 27. exd4 Rxe1 28. Rxe1 Rxe1 29. Kxe1 Bb1 30. a3 Bc2 31. Nc5 Kc7 32. Kd2 Bf5 33. g4 Bc8 34. Ke3 Kd6 35. Kf4 g5+ 36. Kg3 h6 37. h3 Kc7 38. h4 Kb6 39. f4 Kb5 40. hxg5 hxg5 41. Kf3 Kb6 42. Na4+ Kb5 43. Nc3+ Kb6 44. f5 Kc7 45. Ke3 Kd6 46. Na4 Ba6 47. Nc5 Bc8 48. Kd3 Kc7 49. Kc3 Kd6 50. b4 axb4+ 51. Kxb4 Kc7 52. a4 Kb6 53. Ne6 Ba6 54. Nf8 Be2 55. Nd7+ Kc7 56. Nxf6 Kd6 57. a5 Ke7 58. Nh7 Bxg4 59. a6 c5+ 60. Kxc5 Bxf5 61. a7 Bxh7 62. a8Q Be4 63. Qc6 g4 64. Qd6+ Kf7 65. Qf4+ Kg6 66. Qxg4+ Kf6 67. Kd6 Kf7 68. Qf4+ Kg6 69. Ke6 Kh7 70. Qg5 Kh8 71. Kf6 1-0

[Event "Lienz op-B 18th"]
[Site "Lienz"]
[Date "2015.02.08"]
[Round "2"]
[White "Pruell, Lukas"]
[Black "Kuenzl, Martin"]
[Result "1-0"]
[WhiteElo "1988"]
[BlackElo "1800"]
[PlyCount "91"]
[EventDate "2015.02.07"]
[EventType "swiss"]
[EventRounds "9"]
[EventCountry "AUT"]
[SourceTitle "CBM 165 Extra"]
[Source "ChessBase"]
[SourceDate "2015.04.21"]
[SourceVersion "1"]
[SourceVersionDate "2015.04.21"]
[SourceQuality "1"]

1. e4 e6 2. d4 d5 3. Nc3 Nf6 4. Bg5 Bb4 5. Nge2 dxe4 6. a3 Be7 7. Bxf6 Bxf6 8. Nxe4 Nc6 9. Nxf6+ Qxf6 10. c3 0-0 11. Ng3 b6 12. Bd3 Bb7 13. 0-0 Rad8 14. Ne4 Qh4 15. f4 Ne7 16. Qe2 Nd5 17. g3 Qh6 18. Rae1 Nf6 19. Nxf6+ Qxf6 20. f5 Rfe8 21. fxe6 Rxe6 22. Rxf6 Rxe2 23. Rxe2 gxf6 24. Re7 Bd5 25. Rxc7 Re8 26. Kf2 a5 27. Rd7 Be6 28. Rb7 f5 29. Rxb6 a4 30. c4 Kg7 31. d5 Bc8 32. Bc2 f4 33. gxf4 Bg4 34. Bd3 h5 35. c5 h4 36. Rb4 Rc8 37. c6 Rd8 38. Rd4 Rb8 39. f5 Rxb2+ 40. Ke3 Bh5 41. c7 Rxh2 42. c8Q Rh3+ 43. Kd2 Rh2+ 44. Kc3 Rh1 45. f6+ Kxf6 46. Qf5+ 1-0

[Event "Lienz op 17th"]
[Site "Lienz"]
[Date "2013.02.10"]
[Round "3"]
[White "Pacher, Simon"]
[Black "Kuenzl, Martin"]
[Result "1-0"]
[WhiteElo "1992"]
[BlackElo "1808"]
[PlyCount "89"]
[EventDate "2013.02.09"]
[EventType "swiss"]
[EventRounds "9"]
[EventCountry "AUT"]
[SourceTitle "CBM 152 Extra"]
[Source "ChessBase"]
[SourceDate "2013.02.25"]
[SourceVersion "1"]
[SourceVersionDate "2013.02.25"]
[SourceQuality "1"]

1. e4 e6 2. d3 d5 3. Nd2 Nf6 4. g3 dxe4 5. dxe4 e5 6. Ngf3 Bc5 7. Bg2 0-0 8. 0-0 Qe7 9. c3 a5 10. Nc4 Nc6 11. Qc2 b5 12. Ne3 Ra6 13. Nd5 Nxd5 14. exd5 Nd8 15. Re1 f6 16. Nh4 Nf7 17. Be4 f5 18. Nxf5 Bxf5 19. Bxf5 Ng5 20. Bxg5 Qxg5 21. Rxe5 Kh8 22. Kg2 Raf6 23. f4 Qh5 24. Bd7 Qf7 25. Bxb5 Bd6 26. Re6 g5 27. Qe4 gxf4 28. Rxf6 Qxf6 29. Rf1 Qg5 30. Bd3 Rf7 31. Qe8+ Kg7 32. Qe4 Kg8 33. Rf3 Re7 34. h4 Qh6 35. Qf5 fxg3 36. Qc8+ Re8 37. Qxe8+ Bf8 38. Bxh7+ Kxh7 39. Qxf8 Qd2+ 40. Kxg3 Qe1+ 41. Kg4 Qg1+ 42. Rg3 Qd1+ 43. Qf3 Qa4+ 44. Kh3 Qd7+ 45. Kg2 1-0

[Event "Vienna Kavalier op 7th"]
[Site "Vienna"]
[Date "2012.10.29"]
[Round "4"]
[White "Mayrhuber, Nikola"]
[Black "Kuenzl, Martin"]
[Result "0-1"]
[WhiteElo "1668"]
[BlackElo "1770"]
[PlyCount "84"]
[EventDate "2012.10.25"]
[EventType "swiss"]
[EventRounds "7"]
[EventCountry "AUT"]
[SourceTitle "EXT 2013"]
[Source "ChessBase"]
[SourceDate "2012.11.22"]
[SourceVersion "1"]
[SourceVersionDate "2012.11.22"]
[SourceQuality "1"]

1. d4 d5 2. c4 c6 3. cxd5 cxd5 4. Nc3 Nf6 5. Bf4 e6 6. e3 Be7 7. Qb3 0-0 8. Nf3 Nc6 9. Bd3 Bd6 10. Bxd6 Qxd6 11. 0-0 e5 12. dxe5 Nxe5 13. Nxe5 Qxe5 14. Rfd1 Ng4 15. g3 Qh5 16. h4 Ne5 17. Be2 Nf3+ 18. Kh1 Qf5 19. Bf1 Be6 20. Qb4 g5 21. e4 Qg4 22. Nxd5 Bxd5 23. Rxd5 gxh4 24. Kg2 hxg3 25. fxg3 Rac8 26. Qb3 Qxe4 27. Bd3 Ne1+ 28. Kh3 Qh1+ 29. Kg4 h5+ 30. Kg5 Rc6 31. Rd1 Qf3 32. Bf5 Rg6+ 33. Bxg6 Qg4+ 34. Kf6 Qe6+ 35. Kg5 Qxg6+ 36. Kf4 Qg4+ 37. Ke5 Nf3+ 38. Kd6 Rc8 39. Rc5 Qg6+ 40. Ke7 Rxc5 41. Qxf3 Qe6+ 42. Kd8 Rc8# 0-1

[Event "Vienna Kavalier op 7th"]
[Site "Vienna"]
[Date "2012.10.28"]
[Round "3"]
[White "Kuenzl, Martin"]
[Black "Heissenberger, Andreas"]
[Result "0-1"]
[WhiteElo "1770"]
[BlackElo "2016"]
[PlyCount "66"]
[EventDate "2012.10.25"]
[EventType "swiss"]
[EventRounds "7"]
[EventCountry "AUT"]
[SourceTitle "EXT 2013"]
[Source "ChessBase"]
[SourceDate "2012.11.22"]
[SourceVersion "1"]
[SourceVersionDate "2012.11.22"]
[SourceQuality "1"]

1. d4 Nf6 2. c4 c5 3. d5 b5 4. cxb5 a6 5. b6 d6 6. Nc3 Nbd7 7. e4 Qxb6 8. Bc4 g6 9. Nge2 Bg7 10. 0-0 0-0 11. Rb1 Qa7 12. Kh1 Nb6 13. Bb3 Bd7 14. h4 Bb5 15. Nxb5 axb5 16. Bc2 Qxa2 17. b4 c4 18. Be3 Nfd7 19. Nd4 Qa6 20. h5 Na4 21. Qg4 Nf6 22. Qh3 Nc3 23. h6 Bh8 24. Nc6 Qb7 25. Ra1 Ncxe4 26. f3 Nc3 27. Bxg6 hxg6 28. g4 Ncxd5 29. Na5 Rxa5 30. Rxa5 Nxe3 31. h7+ Nxh7 32. Re1 Nxg4 33. Qh6 Qxf3+ 0-1